Prišiel čas sfúknuť hrubú vrstvu prachu z knihy titulov zápasnícke prekvapenie - voľnoštýliari Lokomotívy položili na lopatky neporaziteľnú Dunajplavbu

Bibliographic Details
Main Author: Matia, Bohuš (Author)
Format: Article
Language:Slovak
PhysicalDescription:Obr.
Subjects:

MARC

LEADER 00000nab a2200000 a 4500
001 vtls008413450
003 SK-MaSNL
005 20260303070225.0
008 051205 2005 xo r r 000 0 slo
038 |a KEVKJB 
040 |a KEVKJB  |b slo  |c KEVKJB  |e AACR2 
041 0 |a slo 
044 |a xo  |c SK 
080 |a 796.81  |2 UDC-MRF-SK2 
100 1 |a Matia, Bohuš  |4 aut  |9 538114 
245 1 0 |a Prišiel čas sfúknuť hrubú vrstvu prachu z knihy titulov  |b zápasnícke prekvapenie - voľnoštýliari Lokomotívy položili na lopatky neporaziteľnú Dunajplavbu  |c Bohuš Matia 
300 |b Obr. 
610 2 7 |a ZK Lokomotíva (Košice, Slovensko)  |2 kevkjb  |9 1067357 
650 0 7 |a zápasenie  |2 kevkjb  |9 13273 
651 7 |a Košice (Slovensko)  |2 kevkjb  |9 18694 
773 0 |t Košický večer  |g Roč. 16(37), č. 48 (2.12.2005), s. 12 
852 |a KEVKJB  |b KIS3GCP 
999 |c 1754444  |d 1756374